Players With 80+ Shooting in Fifa 22 - Statistics

General Stats
  • This quiz has been taken 95 times
  • The average score is 71 of 131
Answer Stats
Shot Club Nation Player % Correct
93 Manchester United Portugal Cristiano Ronaldo
100%
92 PSG Argentina Lionel Messi
100%
88 PSG France Kylian Mbappe
96%
91 Borussia Dortmund Norway Erling Haaland
94%
91 Tottenham Hotspur England Harry Kane
94%
87 Tottenham Hotspur South Korea Heung-Min Son
94%
90 Atletico Madrid Uruguay Luis Suarez
94%
87 Liverpool Egypt Mohamed Salah
94%
92 Bayern Munich Poland Robert Lewandowski
94%
86 Manchester United Uruguay Edinson Cavani
92%
87 AC Milan Sweden Zlatan Ibrahimovic
92%
87 Chelsea Belgium Romelu Lukaku
90%
89 FC Barcelona Argentina Sergio Aguero
89%
86 Manchester City Belgium Kevin De Bruyne
86%
86 Piemonte Calcio Argentina Paulo Dybala
86%
86 Manchester United Portugal Bruno Fernandes
85%
86 Real Madrid France Karim Benzema
85%
87 Latium Italy Ciro Immobile
83%
83 Liverpool Senegal Sadio Mane
83%
85 Arsenal Gabon Pierre-Emerick Aubameyang
82%
84 Atletico Madrid France Antoine Griezmann
79%
84 Real Madrid Wales Gareth Bale
79%
86 Everton Colombia James Rodriguez
79%
86 Villarreal CF Spain Gerard Moreno
77%
84 Leicester City England Jamie Vardy
77%
84 Manchester United England Marcus Rashford
77%
84 Bayern Munich Germany Thomas Muller
77%
84 RB Leipzig Portugal Andre Silva
76%
83 PSG Brazil Neymar
76%
81 PSG Argentina Angel Di Maria
75%
85 RC Celta Spain Iago Aspas
75%
84 Borussia Dortmund Germany Marco Reus
75%
80 Real Madrid Belgium Eden Hazard
73%
83 Inter Milan Bosnia-Herzegovina Edin Dzeko
73%
84 Inter Miami CF Argentina Gonzalo Higuain
73%
83 PSG Argentina Mauro Icardi
73%
81 Manchester City Brazil Gabriel Jesus
70%
83 FC Barcelona Netherlands Memphis Depay
70%
84 Bayern Munich Germany Serge Gnabry
70%
81 Real Madrid Germany Toni Kroos
70%
82 Arsenal France Alexandre Lacazette
69%
86 TSG Hoffenheim Croatia Andrej Kramaric
69%
81 Inter Milan Argentina Lautaro Martinez
69%
81 Bayern Munich Germany Leroy Sane
69%
81 Chelsea Germany Timo Werner
69%
83 Real Betis France Nabil Fekir
68%
83 AC Milan Croatia Ante Rebic
66%
81 Manchester United France Paul Pogba
66%
84 AS Monaco France Wissam Ben Yedder
66%
83 Atletico Madrid Argentina Angel Correa
65%
82 Wolves Mexico Raul Jimenez
65%
81 Atletico Madrid Belgium Yannick Carrasco
65%
82 Real Sociedad Sweden Alexander Isak
63%
80 Piemonte Calcio Spain Alvaro Morata
63%
81 Liverpool Portugal Diogo Jota
63%
82 Napoli Belgium Dries Mertens
63%
81 Bergamo Calcio Colombia Duvan Zapata
63%
85 AS Monaco Germany Kevin Volland
63%
80 Manchester City Germany Ilkay Gundogan
62%
86 Bergamo Calcio Slovenia Josip Ilicic
62%
82 Manchester City England Raheem Sterling
62%
83 Villarreal CF Spain Daniel Parejo
61%
81 Ajax Serbia Dusan Tadic
61%
80 Atlanta United Venezuela Josef Martinez
61%
84 Bayern Munich Austria Marcel Sabitzer
61%
80 Manchester United France Anthony Martial
59%
83 LOSC Lille Turkey Burak Yilmaz
59%
81 Piemonte Calcio Italy Federico Chiesa
59%
80 Napoli Nigeria Victor Osimhen
58%
82 Bayern Munich Germany Leon Goretzka
55%
83 Bergamo Calcio Colombia Luis Muriel
55%
80 Real Madrid Serbia Luka Jovic
55%
83 Al-Nassr Brazil Anderson Talisca
54%
82 Real Sociedad Spain Mikel Oyarzabal
54%
83 Tigres UANL France Andre-Pierre Gignac
52%
84 Sevilla FC Argentina Lucas Ocampos
52%
80 Real Madrid Spain Marco Asensio
52%
84 Olympique Marseille Poland Arkadiusz Milik
51%
82 LAFC Mexico Carlos Vela
51%
81 Valencia CF Uruguay Maxi Gomez
51%
80 AC Milan France Olivier Giroud
49%
83 VFL Wolfsburg Netherlands Wout Weghorst
49%
82 Gimnasia Argentina Luis Miguel Rodriguez
48%
83 Sevilla FC Morocco Youssef En-Nesyri
48%
83 Sampdoria Italy Fabio Quagliarella
46%
82 Borussia Monchengladbach France Alassane Plea
45%
84 Aston Villa England Danny Ings
44%
81 Torino Italy Andrea Belotti
42%
82 PSV Eindhoven Israel Eran Zahavi
42%
80 Roma FC Armenia Henrikh Mkhitaryan
42%
80 Atletico Madrid Spain Marcos Llorente
42%
80 Sassuolo Italy Domenico Berardi
41%
80 Leicester City Nigeria Kelechi Iheanacho
39%
81 OGC Nice Denmark Kasper Dolberg
38%
81 Bologna Austria Marko Arnautovic
38%
82 OGC Nice Algeria Andy Delort
32%
82 Dinamo Zagreb Croatia Mislav Orsic
32%
80 Bergamo Calcio Ukraine Ruslan Malinovskyi
31%
84 Borussia Monchengladbach Germany Lars Stindl
30%
81 Union Berlin Germany Max Kruse
30%
84 Royal Antwerp Belgium Radja Nainggolan
30%
80 Beijing Guoan DR Congo Cedric Bakambu
28%
80 Real Betis Spain Borja Iglesias
27%
81 Levante UD North Macedonia Enis Bardhi
27%
84 Villarreal CF Spain Paco Alcacer
27%
81 Cadiz CF Spain Alvaro Negredo
25%
82 Levante UD Spain Jose Luis Morales
25%
81 Al-Ahli Brazil Paulinho
24%
80 OGC Nice France Amine Gouiri
23%
81 Sporting CP Portugal Pedro Goncalves
23%
82 RCD Espanyol Spain Raul De Tomas
23%
81 VFL Wolfsburg Germany Maximilian Arnold
21%
80 Real Betis Spain Sergio Canales
21%
81 Al-Hilal France Bafetimbi Gomis
20%
81 Ajax Netherlands Steven Berghuis
20%
83 Olympiacos Morocco Youssef El-Arabi
20%
80 Granada CF Venezuela Darwin Machis
17%
80 Real Betis Spain Joaquin
17%
81 CA Osasuna Spain Kike Garcia
17%
82 Athletic Bilbao Spain Raul Garcia
17%
82 Levante UD Spain Roger
15%
81 CA Osasuna Argentina Ezequiel Avila
14%
80 Ajax Netherlands Davy Klaassen
11%
82 Elche CF Spain Lucas Perez
11%
80 Getafe CF Spain Jaime Mata
10%
81 Granada CF Spain Jorge Molina
10%
80 Seattle Sounders Peru Raul Ruidiaz
10%
80 Guangzhou Evergrande China Ai Kesen
6%
80 VFL Wolfsburg Germany Luca Waldschmidt
6%
80 Club Libertad Paraguay Oscar Cardozo
4%
81 RCD Mallorca Spain Angel
1%
No matching quizzes found
Score Distribution
Percent of People with Each Score
Percentile by Number Answered
Your Score History
You have not taken this quiz